Answers Contain "Major" - Statistics

General Stats
  • This quiz has been taken 241 times
    28 since last reset
  • The average score is 9 of 15
Answer Stats
Hint Answer % Correct
Constellation also known as the Great Bear Ursa Major
93%
Astronaut created by David Bowie who goes on a "Space Oddity" Major Tom
85%
Spain's largest island Majorca
78%
Receiving two college degrees at the same time double major
70%
From Pirates of Penzance: "I am the very model of a modern _____-_______" {major}-{general}
70%
Prime Minister of the United Kingdom from 1990 to 1997 John Major
59%
1989 sports comedy starring Tom Berenger and Charlie Sheen Major League
59%
Character from Catch-22 with a reduplicated name Major Major Major Major
59%
Actor who portrayed Steve Austin in The Six Million Dollar Man Lee Majors
52%
The highest enlisted rank in the United States army Sergeant Major
52%
The leader of a marching band drum major
48%
A group of notes (one of which is four semitones above the root) major chord
48%
American sitcom about a military man who is also a family man Major Dad
44%
From Full Metal Jacket: "What is your _____ ___________?" major malfunction
33%
1995 comedy with Damon Wayans and a dysfunctional group of youth cadets Major Payne
30%
No matching quizzes found
Score Distribution
Percent of People with Each Score
Percentile by Number Answered
Your Score History
You have not taken this quiz since the last reset